Hiszpański - czasowniki emocjonalne, fazowe i lokalizacyjne - Statystyki

Ogólne statystyki
  • Ten quiz został rozwiązany 9 razy
  • Średni wynik to 39 z 46
Statystyki odpowiedzi
Hint Odpowiedź % Poprawnych
kończyć acabar
100%
aktualizować actualizar
100%
podziwiać admirar
100%
kochać amar
100%
opierać (o) apoyar
100%
wieszać, zawiesić colgar
100%
zaczynać comenzar
100%
ukończyć completar
100%
kontynuować continuar
100%
dedykować, poświęcać dedicar
100%
życzyć, chcieć, pragnąć desear
100%
zaczynać empezar
100%
kochać (kogoś, coś), uwielbiać encantar
100%
rozumieć entender
100%
mieć nadzieję esperar
100%
doświadczyć experimentar
100%
lubić, podobać się gustar
100%
mieć znaczenie importar
100%
imponować impresionar
100%
interesować się interesar
100%
podnosić, wstawać levantar
100%
płakać llorar
100%
nienawidzić odiar
100%
preferować, woleć preferir
100%
śmiać (się) reir
100%
szanować respetar
100%
kontynuować seguir
100%
siedzieć, siadać sentar
100%
uśmiechać (się) sonreir
100%
wytrzymywać, móc znieść soportar
100%
bać się temer
100%
kończyć terminar
100%
chcieć (coś zrobić) apetecer
50%
umieszczać colocar
50%
nie lubić, nie znosić desagradar
50%
cieszyć się disfrutar
50%
zazdrościć envidiar
50%
tęsknić extrańar
50%
zaczynać iniciar
50%
żałować lamentar
50%
utrzymywać mantener
50%
przenosić, przestawiać, poruszać mover
50%
przejmować się preocupar
50%
wyjmować, usuwać sacar
50%
leżeć, kłaść tumbar
50%
wkładać, kłaść meter
0%
Nie znaleziono quizów pasujących do podanych kryteriów
Rozkład punktacji
Procent ludzi z każdym wynikiem
Percentyl według liczby udzielonych odpowiedzi
Twoja historia wyników
Nie rozwiązałeś tego quizu